000 00424nam a2200145Ia 4500
003 GCL
008 140319s9999 xx 000 0 ara d
040 _aGCL /
_cGCL
082 0 4 _a415.5
_bع ت
100 1 _aعبدالعليم ابراهيم
245 1 0 _aتيسير الاعلال والابدال /
_cعبدالعليم ابراهيم
490 _a
650 0 4 _aاللغة العربية - الصرف
942 _2ddc
_cBK
999 _c39695
_d39695